=LDR 00000nam 2200000 4500 =001 INLIS000000000060411 =005 20220131072142 =035 ##$$a 0010-0122000347 =007 ta =008 220131###########################0#ind## =020 ##$$a 979-419-184-1 =082 ##$$a 297.431 =084 ##$$a 297.431 Ham s =245 1#$$a Siapa Pencemar Poligami /$c Haminah Ja'afar =300 ##$$a 181 halaman ; $c 21 cm. =650 #4$$a Islam- Poligami =264 ##$$a jakarta :$b Pustaka Jaya,$c 1995 =336 ##$$a teks$2 rdacontent =337 ##$$a lain-lain$2 rdamedia =338 ##$$a lain-lain$2 rdacarrier =990 ##$$a 04540454